000 01110nam a2200301Ia 4500
001 ebr10424360
003 CaPaEBR
006 m u
007 cr cn|||||||||
008 060506s2008 enk s 000 0 eng d
020 _z9781904879947 (pbk.)
020 _z1904879942 (pbk.)
040 _aCaPaEBR
_cCaPaEBR
035 _a(OCoLC)611608592
050 1 4 _aHD31
_b.F87 2008eb
082 0 4 _a658.4
_222
100 1 _aFurnham, Adrian.
245 1 0 _aDim sum for managers
_h[electronic resource] :
_badvice and ideas for the hungry mind /
_cAdrian Furnham.
260 _aLondon :
_bCyan,
_c2008.
300 _avii, 290 p.
533 _aElectronic reproduction.
_bPalo Alto, Calif. :
_cebrary,
_d2010.
_nAvailable via World Wide Web.
_nAccess may be limited to ebrary affiliated libraries.
650 0 _aStrategic planning.
650 0 _aBusiness planning.
650 0 _aIndustrial management.
655 7 _aElectronic books.
_2local
710 2 _aebrary, Inc.
856 4 0 _uhttp://site.ebrary.com/lib/rucke/Doc?id=10424360
_zAn electronic book accessible through the World Wide Web; click to view
999 _c143081
_d143081